000 01082nam a2200241 i 4500
001 185405
003 ES-MaACL
005 20251109145031.0
008 160531s1946 sp cf |||| |bspa d
080 _a929 Allendesalazar, Manuel
100 1 _aGallo de Renovales, José.
_953637
245 1 0 _aAllendesalazar /
_cpor José Gallo de Renovales.
260 _aMadrid :
_bPurcalla,
_c1946.
300 _a209 p., [14] p. de lám. ;
_c21 cm.
490 1 _aMedio siglo de historia.
_aLos presidentes del Consejo de la Monarquía, 1874-1931 ;
_v19
490 1 _aLos presidentes del Consejo de la Monarquía Española, 1874-1931
600 1 7 _aAllendesalazar, Manuel,
_d1856-1923
_2
_9159705
830 0 _aMedio siglo de historia.
_aLos presidentes del Consejo de la Monarquía, 1874-1931 ;
_v19
_9192289
830 0 _aLos presidentes del Consejo de la Monarquía Española, 1874-1931
_9192290
852 _aES-MaACL
_jE-4338
_z- enc. cart
852 _aES-MaACL
_jL-31587
_z- enc. cart.
_z. - Donat. herederos de la bibl. de Mª del Pilar Costa Palacín
999 _c185405
_d185405